| 000 | 01856 a2200229 4500 | ||
|---|---|---|---|
| 001 | 104 | ||
| 005 | 20260407155410.0 | ||
| 008 | 260407a2007 arg spa d | ||
| 003 | AR-UNSa-BCEJYS | ||
| 040 |
_aAR-UNSa-BCEJYS _bspa _cAR-UNSa-BCEJYS |
||
| 080 |
_a657.47 _xContabilidad de Costos |
||
| 245 | 1 | 0 |
_aAdministración de costos _pcontabilidad y control |
| 020 | _a978-970-686-583-0 | ||
| 250 | _a5a. ed | ||
| 264 | 1 |
_aMéxico : _bThomson _c2007 |
|
| 300 |
_axxiii, 1006 p. _c27 cm |
||
| 505 | _a1. Introducción a la administración de costos - 2. Conceptos básicos de adminstración - 3. Comportamiento de los costos - 4. Costeo basado en actividad - 5. Costeo de productos y sevicios: sistema de órdenes de trabajo - 6. Costeo de productos y servicios:un enfoque de sistemas por procesos - 7. Distribución de costos de los departamentos de apoyo a los productos conjuntos - 8. Preparación de presupuestos para la planeación y el control - 9. Costos estándar:un enfoque de control basado en las funciones - 10.Descentraliazción: Contailidad por áreas de responsabilidad, evaluación del desempeño y precios de transferencia - 11. Administración estrayégica de costos - 12. Administración basada en actividades - 13. El balanced scorecard:control basado en en estrtegias - 14. Administración de costos de la calidad 15. Mediación y control de la productividad - 16. Costos ambientales:medición y control - 17. Análisis costo-volumen-utilidad - 18. Modelodel usode recursos en las actividades y toma de decisiones tácticas - 19. Fijación de precios y análisis de rentabilidad - 20. Inversión de capital - 21. Administración del inventario: cantidad económica de ordenar, JIT y teoría de restriciones | ||
| 942 | _cBK | ||
| 590 | _aniveau_biblio:m niveau_hierar:0 | ||
| 100 | 1 | _aHansen, Don R. | |
| 700 | 1 | _aMowen, Maryanne M. | |
| 999 |
_c79 _d79 |
||